000 00355nam a2200121Ia 4500
008 240731s9999 xx 000 0 und d
022 _a1932-0280
245 0 _aStorytelling, Self, Society : An Interdisciplinary Journal of Storytelling Studies
260 _bRoutledge
856 _uhttps://www.tandfonline.com/loi/hsts20
942 _2ddc
942 _cTFEJ
999 _c79555
_d79555
945 _a1
_bMadushi Gamage
_c1
_dMadushi Gamage